| 000 | 00430pam a2200169a 44500 | ||
|---|---|---|---|
| 008 | 230405s2006 xxu||||| |||| 00| 0 eng d | ||
| 020 | _a0874934613 | ||
| 082 |
_a616.025 _bHAZ |
||
| 100 | _aHazinski, Mary Fran | ||
| 245 | _aBLS for Healthcare Providers | ||
| 260 |
_aUSA _bAmerican Heart Association _c2006 |
||
| 300 | _a80 p. | ||
| 502 | _atext | ||
| 700 | _aO'Neill, Lindy | ||
| 700 | _aGonzales, Louis | ||
| 906 | _a003255 | ||
| 999 |
_c252666 _d252666 |
||